000 00681nam a2200181Ia 4500
008 100917s9999 xx 000 0 und d
082 _b22270
100 _aकोल्हटकर बाळ
245 _aदुरितांचे तिमिर जावो (आवृत्ती 6 वी)
260 _bपरचुरे प्रकाशन
_c1969
300 _a103
365 _b4
520 _aनाटक
630 _aदुरितांचे तिमिर जावो (आवृत्ती 6 वी)
650 _aनाटक
730 _aदुरितांचे तिमिर जावो (आवृत्ती 6 वी)
942 _cBOOK
999 _c627664
_d627661